00784nam a22002057a 450000500170000001000150001702000260003203500140005803700090007208200170008110000300009824500980012825000060022626000500023227000710028230000200035394200280037399900190040195201580042020241104125209.0 aENG-142492 a9789386689580c995.00 aEN-126024 bDBAD a305.4095421 aRamaswamy, Sushila973673 aWomen in Political Thought: bThe Quest for Gender Equality and Beyond/cBy Sushila Ramaswamy a1 aHyderabadbOrient Blackswan Private Ltdc2018 a3-6-752, Himayatnagar bHyderabade500029minfo@orintblackswan.com a393p.c22cm(hb) 2ddccENh305.40954mRAM c206882d206882 001040708NFICaBNbBNd2024-11-04eDelivery of Books Act Divisiong995.00l0o305.40954 RAMpEN-126024r2024-11-04 00:00:00t1v995.00w2024-11-04yEN